| 000 | 00523nam a2200157Ia 4500 | ||
|---|---|---|---|
| 008 | 220216s9999 xx 000 0 und d | ||
| 100 | _aLicy J | ||
| 245 | 0 | _aGenetic parameters and heterosis in rubber. 2. Association for yield and certain yield attributes | |
| 260 |
_bPlacrosym X, 1993, Kasaragod, India. Journal of Plantation Crops, 21 (Supplement): 264-267 _c1993 |
||
| 700 | _aAbraham J | ||
| 700 | _aPanikkar A O N | ||
| 700 | _aSaraswathyamma C K | ||
| 700 | _aSethuraj M R | ||
| 700 | _aThomas M | ||
| 942 | _cJS | ||
| 999 |
_c59847 _d59847 |
||